| 000 | 00895nam a22002537a 4500 | ||
|---|---|---|---|
| 001 | 00000809 | ||
| 003 | DO-SdBNP | ||
| 005 | 20180205153845.0 | ||
| 007 | 00000809 | ||
| 008 | 160609b 2011 nq ab xxu||||| |||| 00| 0 spa d | ||
| 020 | _a97899992497913 | ||
| 040 |
_aBPMSU _bspa _cBPMSU |
||
| 092 |
_axxxxx _bxxxxx |
||
| 245 |
_aUn vistazo al pasado...para construir el futuro : _bRío San Juan _ccoordinador general ; Manuel Aburto Cruz ; autor, Carlos Salazar Alfaro. |
||
| 260 |
_a[Nicaragua] : _bFondo Cultural Caruna, _c2009. |
||
| 300 |
_3128 p. : _6il., mapas ; _824 cm. |
||
| 500 | _aIncluye datos biográficos del autor en la solapa de la contracubierta. | ||
| 504 | _aBibliografía : p. 125-128 | ||
| 700 | 1 | _aSalazar Alfaro, Carlos | |
| 700 | 1 | _aCruz, Manuel Aburto | |
| 942 |
_2ddc _cBK |
||
| 945 | _aInventariado, 2018 / BT | ||
| 956 |
_2LOPEREZ _310 _620160609 _8BPMSU _a00041 |
||
| 999 |
_c10328 _d10328 |
||